000 01208cam a2200301 a 4500
999 _c48241
_d48241
001 2577695
003 Nust
005 20170112164451.0
008 960205s1996 miu b 000 0 eng
010 _a 96003471
020 _a9780826479358
040 _aDLC
_cDLC
_dDLC
041 1 _aeng
_hfre
050 0 0 _aPQ2631.E25
_bP6513 1996
082 0 0 _a841.912
_bPEG
100 1 _aPéguy, Charles,
_d1873-1914.
240 1 0 _aPorche du mystère de la deuxième vertu.
_lEnglish
245 1 4 _aThe portal of the mystery of hope /
_cCharles Péguy ; translated by David Louis Schindler, Jr.
260 _aGrand Rapids, Mich. :
_bWilliam B. Eerdmans Publishing Co.,
_cc1996.
300 _axxii, 160 p. ;
_c23 cm.
490 1 _aRessourcement
504 _aIncludes bibliographical references (p. 158-166).
700 1 _aSchindler, David Louis,
_d1970-
830 0 _aRessourcement (Grand Rapids, Mich.)
906 _a7
_bcbc
_corignew
_d1
_eocip
_f19
_gy-gencatlg
942 _2ddc
_cBK